[Event "Rio de Janeiro Euwe Memorial 2nd"]
[Site "Rio de Janeiro"]
[Date "2015.08.17"]
[Round "5"]
[White "Costa, Evandro Bonfim"]
[Black "Botelho, Fabio Gabriel Cardo"]
[Result "1-0"]
[WhiteElo "2033"]
[BlackElo "2149"]
[PlyCount "149"]
[EventDate "2015.08.15"]
[EventType "swiss"]
[EventRounds "7"]
[EventCountry "BRA"]
[SourceTitle "EXT 2016"]
[Source "ChessBase"]
[SourceDate "2015.10.08"]
[SourceVersion "1"]
[SourceVersionDate "2015.10.08"]
[SourceQuality "1"]

1. e4 e5 2. f4 exf4 3. Nc3 Qh4+ 4. Ke2 d5 5. Nxd5 Bg4+ 6. Nf3 Bd6 7. d4 Bxf3+ 8. gxf3 c6 9. Nc3 Ne7 10. Qe1 Qh5 11. Qf2 Nd7 12. h4 0-0-0 13. Bh3 Kb8 14. Bd2 Bc7 15. Rag1 Ng6 16. Bf5 Rhe8 17. Kd1 Nde5 18. dxe5 Nxe5 19. Bg4 Qh6 20. Kc1 Bb6 21. Qe2 Rxd2 22. Kxd2 Be3+ 23. Ke1 Bxg1 24. Rxg1 Qxh4+ 25. Qf2 Qe7 26. a3 Nc4 27. Rh1 Nxb2 28. Qd4 Rd8 29. Qb4 Qxb4 30. axb4 h6 31. Rh5 Nc4 32. Rf5 f6 33. Nd1 Rd2 34. c3 Ra2 35. Rxf4 Ra1 36. Ke2 Ra2+ 37. Ke1 Ra1 38. e5 Nxe5 39. Ke2 Ra2+ 40. Ke3 Ra1 41. Nf2 Kc7 42. Nd3 Ng6 43. Rd4 Nf8 44. Re4 Kd8 45. Bc8 Kxc8 46. Re8+ Kd7 47. Rxf8 Ke6 48. Re8+ Kf5 49. Re7 g5 50. Rxb7 h5 51. Rc7 h4 52. Rxc6 h3 53. Nf2 h2 54. Ng4 Re1+ 55. Kf2 Rf1+ 56. Ke2 Re1+ 57. Kd2 Rd1+ 58. Kc2 Rc1+ 59. Kb3 Rb1+ 60. Kc4 Kf4 61. Rxf6+ Kg3 62. Nxh2 Kxh2 63. Rg6 Kg3 64. Rxg5+ Kxf3 65. Ra5 Ke4 66. Rxa7 Ke5 67. Kc5 Rd1 68. c4 Rd8 69. b5 Rc8+ 70. Kb4 Kd4 71. Rd7+ Ke5 72. b6 Ke6 73. Ra7 Rb8 74. c5 Kd5 75. Kb5 1-0

[Event "Rio de Janeiro Nezhmetdinov Memorial"]
[Site "Rio de Janeiro"]
[Date "2015.04.23"]
[Round "1"]
[White "Costa, Evandro Bonfim"]
[Black "Martins, Julio Perez"]
[Result "0-1"]
[WhiteElo "2040"]
[BlackElo "2228"]
[PlyCount "52"]
[EventDate "2015.04.23"]
[EventType "swiss"]
[EventRounds "7"]
[EventCountry "BRA"]
[SourceTitle "CBM 166 Extra"]
[Source "ChessBase"]
[SourceDate "2015.06.18"]
[SourceVersion "1"]
[SourceVersionDate "2015.06.18"]
[SourceQuality "1"]

1. e4 Nc6 2. d4 d5 3. e5 Bf5 4. c3 e6 5. Bd3 Nge7 6. Ne2 Qd7 7. 0-0 0-0-0 8. b4 Bxd3 9. Qxd3 f6 10. exf6 gxf6 11. b5 Na5 12. Nd2 Ng6 13. a4 Bh6 14. f4 Rhg8 15. g3 Kb8 16. Kh1 e5 17. dxe5 fxe5 18. f5 Nh8 19. Ba3 Bxd2 20. Qxd2 Nb3 21. Qd3 Nxa1 22. Rxa1 Nf7 23. a5 d4 24. c4 Ng5 25. b6 Qc6+ 26. Kg1 Nh3+ 0-1

[Event "Rio de Janeiro Nezhmetdinov Memorial"]
[Site "Rio de Janeiro"]
[Date "2015.04.23"]
[Round "2"]
[White "Perez, Jamil"]
[Black "Costa, Evandro Bonfim"]
[Result "1/2-1/2"]
[WhiteElo "2022"]
[BlackElo "2040"]
[PlyCount "26"]
[EventDate "2015.04.23"]
[EventType "swiss"]
[EventRounds "7"]
[EventCountry "BRA"]
[SourceTitle "CBM 166 Extra"]
[Source "ChessBase"]
[SourceDate "2015.06.18"]
[SourceVersion "1"]
[SourceVersionDate "2015.06.18"]
[SourceQuality "1"]

1. d4 d5 2. g3 g6 3. Bg2 Bg7 4. b3 b6 5. Bb2 Bb7 6. e3 e6 7. Ne2 Ne7 8. 0-0 0-0 9. Qc1 Nd7 10. c4 Qb8 11. cxd5 Nxd5 12. e4 Nb4 13. Nf4 c5 1/2-1/2

[Event "Rudolf Spielmann Memorial"]
[Site "Rio de Janeiro"]
[Date "2015.01.28"]
[Round "4"]
[White "Braga, Ubirani de Souza"]
[Black "Costa, Evandro Bonfim"]
[Result "1-0"]
[WhiteElo "2212"]
[BlackElo "2047"]
[PlyCount "111"]
[EventDate "2015.01.27"]
[EventType "swiss"]
[EventRounds "7"]
[EventCountry "BRA"]
[SourceTitle "EXT 2016"]
[Source "ChessBase"]
[SourceDate "2015.10.08"]
[SourceVersion "1"]
[SourceVersionDate "2015.10.08"]
[SourceQuality "1"]

1. c4 f5 2. Nc3 Nf6 3. g3 g6 4. Bg2 Bg7 5. d3 0-0 6. Bf4 d6 7. Nf3 e5 8. Be3 Na6 9. 0-0 c6 10. Qd2 Bd7 11. Bh6 Bxh6 12. Qxh6 Be6 13. Ng5 Qe7 14. Nxe6 Qxe6 15. Rad1 Nc5 16. d4 exd4 17. Rxd4 Rae8 18. Qf4 Qe5 19. Rxd6 Qxf4 20. gxf4 Rd8 21. Rfd1 Rxd6 22. Rxd6 Kf7 23. b4 Ne6 24. e3 Ke7 25. Rd1 Rd8 26. Rxd8 Kxd8 27. a3 Ng4 28. c5 Ke7 29. h3 Nf6 30. Kf1 Nc7 31. Ke2 Kd7 32. Kd3 Ne6 33. Kc4 Kc7 34. a4 Nd7 35. a5 Nd8 36. Na4 Ne6 37. Nb2 a6 38. Nd3 Nf6 39. Ne5 Nd7 40. Nf7 Nf6 41. Nd6 Ng7 42. Kd4 Nge8 43. Ke5 Nd7+ 44. Ke6 Nef6 45. Bf3 Kb8 46. Ke7 Kc7 47. Bg2 Kb8 48. h4 Kc7 49. Bf3 Kb8 50. Ke6 Kc7 51. Ke7 Kb8 52. h5 Kc7 53. hxg6 hxg6 54. Kf7 Nd5 55. Bxd5 cxd5 56. Kxg6 1-0

[Event "Rio de Janeiro Vaz Memorial 1st"]
[Site "Rio de Janeiro"]
[Date "2014.12.12"]
[Round "3"]
[White "Martins, Jose Felix Perez"]
[Black "Costa, Evandro Bonfim"]
[Result "1-0"]
[WhiteElo "2183"]
[BlackElo "2029"]
[PlyCount "65"]
[EventDate "2014.12.11"]
[EventType "swiss"]
[EventRounds "7"]
[EventCountry "BRA"]
[SourceTitle "EXT 2018"]
[Source "ChessBase"]
[SourceDate "2017.10.13"]
[SourceVersion "1"]
[SourceVersionDate "2017.10.13"]
[SourceQuality "1"]

1. d4 Nf6 2. c4 e5 3. dxe5 Ng4 4. Nf3 Bc5 5. e3 Nc6 6. Nc3 Ngxe5 7. Nxe5 Nxe5 8. f4 Nc6 9. Bd3 d6 10. 0-0 0-0 11. Bd2 Bd7 12. Qf3 a5 13. Kh1 Re8 14. a3 Ne7 15. Qh5 g6 16. Qh6 Nf5 17. Bxf5 Bxf5 18. Nd5 f6 19. Bc3 Rf8 20. Qh4 c6 21. Nxf6+ Rxf6 22. Bxf6 Qd7 23. Bd4 Bxd4 24. exd4 Re8 25. Rae1 Be4 26. Qg3 Qg7 27. d5 c5 28. Re2 Qf6 29. Rfe1 Qf5 30. Qg5 Kg7 31. h3 b5 32. Kh2 bxc4 33. g4 1-0

[Event "Rio de Janeiro Vaz Memorial 1st"]
[Site "Rio de Janeiro"]
[Date "2014.12.11"]
[Round "1"]
[White "Costa, Evandro Bonfim"]
[Black "Botelho, Fabio Gabriel Cardo"]
[Result "0-1"]
[WhiteElo "2029"]
[BlackElo "2241"]
[PlyCount "52"]
[EventDate "2014.12.11"]
[EventType "swiss"]
[EventRounds "7"]
[EventCountry "BRA"]
[SourceTitle "EXT 2018"]
[Source "ChessBase"]
[SourceDate "2017.10.13"]
[SourceVersion "1"]
[SourceVersionDate "2017.10.13"]
[SourceQuality "1"]

1. e4 e6 2. d4 d5 3. Nc3 Bb4 4. e5 c5 5. a3 Bxc3+ 6. bxc3 Qc7 7. Qg4 Ne7 8. Qxg7 Rg8 9. Qxh7 cxd4 10. Ne2 dxc3 11. Bf4 Nd7 12. Qd3 Nxe5 13. Qxc3 Qxc3+ 14. Nxc3 f6 15. Be2 Bd7 16. Bxe5 fxe5 17. g3 Rc8 18. Kd2 Nf5 19. g4 Nd4 20. Rab1 b6 21. Bd1 Rf8 22. Rf1 Nf3+ 23. Bxf3 Rxf3 24. Nb5 Rc5 25. a4 Rf4 26. Nc3 Rd4+ 0-1

[Event "Rio de Janeiro Euwe Memorial 1st"]
[Site "Rio de Janeiro"]
[Date "2014.06.22"]
[Round "7"]
[White "Costa, Evandro Bonfim"]
[Black "Elci, Pereira Diniz"]
[Result "0-1"]
[WhiteElo "2149"]
[BlackElo "2306"]
[PlyCount "64"]
[EventDate "2014.06.19"]
[EventType "swiss"]
[EventRounds "7"]
[EventCountry "BRA"]
[SourceTitle "CBM 161 Extra"]
[Source "ChessBase"]
[SourceDate "2014.08.29"]
[SourceVersion "1"]
[SourceVersionDate "2014.08.29"]
[SourceQuality "1"]

1. d4 Nf6 2. c4 e6 3. Nf3 b6 4. a3 Ba6 5. Qc2 c5 6. dxc5 Bxc5 7. b4 Be7 8. e4 d6 9. Bd3 Nbd7 10. 0-0 0-0 11. Bb2 Rc8 12. Nbd2 Qc7 13. Rac1 Bb7 14. Rfe1 h6 15. h3 Rfe8 16. Nf1 Nh5 17. Ne3 Nf4 18. Bf1 Nf6 19. e5 N6h5 20. exd6 Bxd6 21. Be2 Nxe2+ 22. Qxe2 Nf4 23. Qf1 Nxh3+ 24. gxh3 Bxf3 25. Ng4 h5 26. Ne5 Bb7 27. b5 f6 28. Nc6 Bh2+ 29. Kg2 Bf4 30. Rcd1 Bxc6+ 31. bxc6 Qxc6+ 32. f3 Qxc4 0-1

[Event "Rio de Janeiro Tronador"]
[Site "Rio de Janeiro"]
[Date "2014.06.16"]
[Round "7"]
[White "Elci, Pereira Diniz"]
[Black "Costa, Evandro Bonfim"]
[Result "1-0"]
[WhiteElo "2306"]
[BlackElo "2149"]
[PlyCount "51"]
[EventDate "2014.06.13"]
[EventType "tourn"]
[EventRounds "7"]
[EventCountry "BRA"]
[SourceTitle "EXT 2016"]
[Source "ChessBase"]
[SourceDate "2015.10.08"]
[SourceVersion "1"]
[SourceVersionDate "2015.10.08"]
[SourceQuality "1"]

1. f4 e5 2. e4 exf4 3. Nf3 g5 4. h4 g4 5. Ne5 Nf6 6. Bc4 d5 7. exd5 Bd6 8. d4 0-0 9. Bxf4 Nh5 10. g3 Nxf4 11. gxf4 h5 12. Nc3 Re8 13. Qd2 f6 14. Qd3 fxe5 15. Qg6+ Kh8 16. fxe5 Bb4 17. Qh6+ Kg8 18. d6+ Be6 19. Bxe6+ Rxe6 20. Qxe6+ Kg7 21. 0-0 Qd7 22. Qf6+ Kg8 23. Ne4 Nc6 24. Qg6+ Kh8 25. Nf6 Qg7 26. Qxh5+ 1-0

[Event "Sao Paulo Batalha 1st"]
[Site "Sao Paulo"]
[Date "2014.02.27"]
[Round "7"]
[White "Braga Ubirani, De Souza"]
[Black "Costa, Evandro Bonfim"]
[Result "1-0"]
[WhiteElo "2237"]
[BlackElo "2236"]
[PlyCount "93"]
[EventDate "2014.02.24"]
[EventType "tourn"]
[EventRounds "9"]
[EventCountry "BRA"]
[SourceTitle "CBM 159 Extra"]
[Source "ChessBase"]
[SourceDate "2014.04.24"]
[SourceVersion "1"]
[SourceVersionDate "2014.04.24"]
[SourceQuality "1"]

1. c4 c5 2. g3 g6 3. Bg2 Bg7 4. Nc3 Nc6 5. Nf3 Nf6 6. 0-0 0-0 7. d3 d6 8. Bd2 Bg4 9. h3 Bxf3 10. Bxf3 Qd7 11. Bg2 a6 12. a3 Rab8 13. Kh2 e6 14. Rb1 Rfc8 15. Qa4 Ne8 16. f4 Qe7 17. e4 Nd4 18. b4 b5 19. cxb5 axb5 20. Qd1 Qa7 21. Ra1 Rc6 22. bxc5 dxc5 23. e5 Ra6 24. a4 b4 25. Ne4 Bf8 26. Be3 b3 27. Bxd4 cxd4 28. Nd2 Rxa4 29. Rb1 b2 30. Qc2 Ba3 31. Nc4 Rab4 32. g4 Kg7 33. f5 Rb3 34. fxe6 fxe6 35. Qf2 Qe7 36. Na5 R3b6 37. Nc6 Qd7 38. Nxb8 Rxb8 39. Be4 Nc7 40. Qf6+ Kg8 41. h4 Rb3 42. h5 Qe7 43. hxg6 Qxf6 44. gxh7+ Kh8 45. exf6 Rb8 46. g5 Ne8 47. g6 1-0

[Event "Sao Paulo Batalha 1st"]
[Site "Sao Paulo"]
[Date "2014.02.25"]
[Round "4"]
[White "Juer, Jayme Jacob E"]
[Black "Costa, Evandro Bonfim"]
[Result "1/2-1/2"]
[WhiteElo "2215"]
[BlackElo "2236"]
[PlyCount "24"]
[EventDate "2014.02.24"]
[EventType "tourn"]
[EventRounds "9"]
[EventCountry "BRA"]
[SourceTitle "CBM 159 Extra"]
[Source "ChessBase"]
[SourceDate "2014.04.24"]
[SourceVersion "1"]
[SourceVersionDate "2014.04.24"]
[SourceQuality "1"]

1. e4 e5 2. Nf3 Nc6 3. Bb5 a6 4. Ba4 Nf6 5. 0-0 b5 6. Bb3 Be7 7. c3 0-0 8. Re1 d6 9. h3 Nb8 10. d3 Nbd7 11. Nbd2 Bb7 12. Nf1 c5 1/2-1/2

[Event "Sao Paulo Batalha 1st"]
[Site "Sao Paulo"]
[Date "2014.02.24"]
[Round "1"]
[White "Costa, Evandro Bonfim"]
[Black "Cunha, Mario Viola"]
[Result "0-1"]
[WhiteElo "2236"]
[BlackElo "2291"]
[PlyCount "136"]
[EventDate "2014.02.24"]
[EventType "tourn"]
[EventRounds "9"]
[EventCountry "BRA"]
[SourceTitle "CBM 159 Extra"]
[Source "ChessBase"]
[SourceDate "2014.04.24"]
[SourceVersion "1"]
[SourceVersionDate "2014.04.24"]
[SourceQuality "1"]

1. e4 c5 2. Nf3 Nc6 3. d4 cxd4 4. Nxd4 Nf6 5. Nc3 Qb6 6. Nb3 e6 7. Bg5 Bb4 8. Bxf6 gxf6 9. Qd2 a6 10. a3 Be7 11. Be2 h5 12. f4 h4 13. 0-0-0 Qf2 14. Bg4 Qxd2+ 15. Rxd2 Rg8 16. h3 Rb8 17. Rhd1 b5 18. Nd4 Na5 19. Kb1 b4 20. axb4 Bxb4 21. Rd3 Bb7 22. Nde2 Nc4 23. Bf3 Ba3 24. bxa3 Bxe4+ 25. Ka2 Bxd3 26. Rxd3 Rb2+ 27. Ka1 Rxc2 28. Nd4 Rb2 29. Ne4 Ke7 30. Nb3 f5 31. Nec5 d6 32. Nxa6 d5 33. a4 Ra8 34. Nac5 Rc2 35. Nd4 Rc1+ 36. Ka2 Nb6 37. Ncb3 Rxa4+ 38. Kb2 Rf1 39. Nc6+ Kf6 40. Rd4 Nc4+ 41. Kc3 Rb1 42. Ne5 Ra3 43. Nd7+ Kg6 44. Ndc5 Ra2 45. Nd3 Ne3 46. Ne5+ Kg7 47. Rb4 Nxg2 48. Bxg2 Rxg2 49. Rb7 Rg3+ 50. Kc2 Rf1 51. Rxf7+ Kg8 52. Nd2 Rxf4 53. Rf6 Rxh3 54. Rxe6 Rg3 55. Nd3 Ra4 56. Re2 h3 57. Rf2 Rg2 58. Rxg2+ hxg2 59. Nf3 Ra2+ 60. Kc3 Ra1 61. Kd2 Rf1 62. Nde5 f4 63. Ke2 Kg7 64. Kd3 Kf6 65. Ke2 Kf5 66. Kd3 g1Q 67. Nxg1 Rxg1 68. Nf3 Rg3 0-1

[Event "Natal CC op"]
[Site "Natal"]
[Date "2013.12.29"]
[Round "6"]
[White "Costa, Evandro Bonfim"]
[Black "Vaz, Daniel Rodrigues"]
[Result "1-0"]
[WhiteElo "2231"]
[BlackElo "2077"]
[PlyCount "77"]
[EventDate "2012.12.26"]
[EventType "swiss"]
[EventRounds "6"]
[EventCountry "BRA"]
[SourceTitle "EXT 2016"]
[Source "ChessBase"]
[SourceDate "2015.10.08"]
[SourceVersion "1"]
[SourceVersionDate "2015.10.08"]
[SourceQuality "1"]

1. d4 d5 2. Nf3 Nf6 3. g3 Bg4 4. Bg2 e6 5. 0-0 Nbd7 6. c4 dxc4 7. Qa4 c6 8. Qxc4 Nb6 9. Qc3 h6 10. Na3 a5 11. Nc2 Bd6 12. a3 a4 13. Nce1 0-0 14. Bd2 Nbd5 15. Qc2 Bf5 16. Nd3 Qb6 17. Rab1 Ne4 18. Rfd1 Rfd8 19. e3 Ndf6 20. Be1 c5 21. Rbc1 cxd4 22. Nxd4 Bh7 23. Qc4 Rac8 24. Qxc8 Rxc8 25. Rxc8+ Bf8 26. Bxe4 Bxe4 27. Bb4 Nd7 28. Ne2 Kh7 29. Bxf8 Nxf8 30. Rxf8 Bxd3 31. Rxd3 Qxb2 32. Rd7 Qxe2 33. Rfxf7 Qe1+ 34. Kg2 Qa1 35. Rxb7 h5 36. Rxg7+ Kh6 37. Rge7 Qxa3 38. Rxe6+ Kg5 39. Rb5+ 1-0